| 000 | 00568nam a22002177a 4500 | ||
|---|---|---|---|
| 003 | OSt | ||
| 005 | 20140310182923.0 | ||
| 008 | 130129t xxu||||| |||| 00| 0 eng d | ||
| 020 | _a9789712722318 | ||
| 050 |
_aPE1404 _b.B731 2009 |
||
| 082 |
_aFIL 800.899 _2.B814 2009 |
||
| 245 |
_aFundamentals of creative writing _cBrainard, Cecilia Manguerra |
||
| 260 |
_aManila _bAnvil _c2009 |
||
| 300 |
_a97 p. _c22 cm. |
||
| 521 | _acollege students | ||
| 526 | _c1210L-1700L | ||
| 541 | _j1 | ||
| 541 | _j2 | ||
| 562 | _e2 | ||
| 942 |
_2lcc _cBK _kFIL |
||
| 999 |
_c17370 _d17370 |
||